| Tag |
First Indicator |
Second Indicator |
Subfields |
| LEADER |
00000cam a2200000 a 4500 |
| 001 |
in00000083143 |
| 005 |
20151008055609.0 |
| 008 |
801206s1975 orua 00011 eng d |
| 020 |
|
|
|a 0892850515
|
| 035 |
|
|
|a (OCoLC)07005612
|
| 035 |
|
|
|9 AAJ3880AM
|
| 040 |
|
|
|a DLE
|c DLE
|d TXA
|d UtOrBLW
|
| 049 |
|
|
|a TXAV
|c [1272207]
|
| 090 |
|
|
|a PE1112.5
|b .A5 1975
|
| 245 |
0 |
4 |
|a The angry sea and other stories /
|c Adaptations and exercises by Jean N. Dale ; edited by Willard D. Sheeler.
|
| 264 |
|
1 |
|a Portland, Ore :
|b English Language Services ;
|a New York, N.Y. :
|b Oxford University Press,
|c [1975]
|
| 264 |
|
4 |
|c ©1975
|
| 300 |
|
|
|a xiii, 109 pages :
|b illustrations ;
|c 22 cm. +
|e 3 sound cassettes (1 7/8 ips)
|
| 336 |
|
|
|a text
|b txt
|2 rdacontent
|
| 337 |
|
|
|a unmediated
|b n
|2 rdamedia
|
| 338 |
|
|
|a volume
|b nc
|2 rdacarrier
|
| 490 |
1 |
|
|a Reading & exercise series ;
|v 2
|
| 650 |
|
0 |
|a English language
|v Textbooks for foreign speakers.
|
| 700 |
1 |
|
|a Dale, Jean N.
|
| 700 |
1 |
|
|a Sheeler, Willard D.
|
| 710 |
2 |
|
|a English Language Services.
|
| 830 |
|
0 |
|a Reading & exercise series ;
|v 2.
|
| 999 |
|
|
|a MARS
|
| 999 |
f |
f |
|s 39fc6826-0f7d-36da-a68e-13e7acf96f36
|i 0d9a07de-b354-3a36-98f9-6dbff3bbc28a
|t 0
|
| 952 |
f |
f |
|p ric
|a Texas A&M University
|b Rellis Campus
|c Joint Library Facility
|d Remote Storage
|t 0
|e PE1112.5 .A5 1975
|h Library of Congress classification
|i unmediated -- volume
|m A14806057719
|
| 998 |
f |
f |
|a PE1112.5 .A5 1975
|t 0
|l Remote Storage
|